000 00525cam a22002172a 4500
001 010717
003 AR-FADEU
008 311216n1961####xxu####################dd
092 _a338.85
_bP515-2
100 _aPeyret, Henry
245 _aLa batalla de los trusts
250 _a2a. ed.
260 _aBuenos Aires
260 _bEUDEBA
260 _c1961
300 _a60 p.
440 _aCuadernos de Eudeba
_n53
500 _aIncluye bibliografía sumaria
650 _aECONOMIA-HISTORIA; TRUST
942 _cBDGR
999 _c16501
_d16501